000
00255nam a22001217a 4500
008
170522b xxu||||| |||| 00| 0 eng d
041
_a
eng
080
_a
94
100
_a
16
101
_a
SHH
245
_a
HISTORY OF ART
_c
JANSON.H.W
942
_2
udc
_c
BK
999
_c
13646
_d
13646